00217pam a2200097 a 4500020000500000041000800005100001600013245004800029260003200077300001000109 c aeng aNicor Hugs. aMicrobers By The MillionhTextual Documents aNew YorkbPenguin Books Ltd a221p.